LDR 00778naa#a2200181#i#450# 001 EN\\bibl\122482 005 20260501212717.5 011 ## _a2304-0130 100 ## _a20260410b2026####ek#y0engy0150####ca 102 ## _aRU 200 1# _aSOME FEATURES OF TEACHING ELEMENTARY SCHOOL STUDENTS THE RULES OF BEHAVIOR IN CASE OF FIRE _eJournal article 210 1# _aSaint-Petersburg _cSaint-Petersburg University of State Fire Service of Emercom of Russia _d2026 215 ## _a6 с. 608 ## _aJournal article _2local 675 ## _aОрганизация обучения в начальной школе. 373.31 _aПрочие вопросы, касающиеся пожарной охраны. 614.849 _z 700 #1 _aVavilov _gEvgeniy N. 700 #1 _aTishkin _gDmitriy Dmitrievich 856 4# _ajournals.igps.ru _u